Logo Quiz 6 - Statistiken

Allgemein
  • Dieses Quiz wurde 541 mal gespielt
  • Das Durchschnittsergebnis liegt bei 13 aus 16
Antwortstatistiken
Bildquiz Antwort % Korrekt
Samsung
97%
Amazon
96%
Twitter
96%
Burger King
94%
Bentley
86%
Michelin
86%
Lamborghini
85%
Suzuki
85%
Alfa Romeo
79%
Asus
79%
Mitsubishi
79%
Dream Works
73%
Rolls Royce
73%
Heineken
71%
Maserati
67%
Dove
65%
Keine übereinstimmenden Quizze gefunden
Verteilung der Resultate
Anzahl Personen mit jedem Resultat
Perzentil nach korrekt beantworteten Fragen
Ihre Resultats-Entwicklung
Sie haben dieses Quiz noch nicht gespielt